000 00585cam a2200145 4500500
005 20260208002352.0
041 _afre
042 _adc
100 1 0 _aLeblan, Vincent
_eauthor
245 0 0 _aRebecca Kormos et al., West African Chimpanzees: Status Survey and Conservation Action Plan, Gland, Switzerland, IUCN/SSC Primate Specialist Group, 2003, 219 p., ill., cartes.
260 _c2005.
500 _a3
786 0 _nL'Homme | 175-176 | 3 | 2005-07-01 | p. 475n-572n | 0439-4216
856 4 1 _uhttps://shs.cairn.info/revue-l-homme-2005-3-page-475n?lang=fr&redirect-ssocas=7080
999 _c1645986
_d1645986